LDR 00564naa#a2200169#i#450# 001 EN\\bibl\92107 005 20260606084227.6 011 ## _a3034-4689 100 ## _a20241125b2024####ek#y0engy0150####ca 102 ## _aRU 200 1# _aCONSISTENT APPLICATION OF PARAMETER ESTIMATION METHODS IN THE CONSTRUCTION OF REGRESSION MODELS _eJournal article 210 1# _aKazan _cKazan National Research Technological University _d2024 215 ## _a4 с. 608 ## _aJournal article _2local 700 #1 _aNoskov _gSergey Ivanovich 700 #1 _aBelyaev _gSergey Vladimirovich 856 4# _avestniktu.ru _u